Manual de geologia aplicada a la agricultura y a las artes industriales / (Record no. 167542)

MARC details
000 -LEADER
campo de control de longitud fija 00958nam a22002175i 4500
001 - NÚMERO DE CONTROL
campo de control 167542
003 - IDENTIFICADOR DE NÚMERO DE CONTROL
campo de control ES-MaACL
005 - FECHA Y HORA DE LA ÚLTIMA TRANSACCIÓN
campo de control 20250815110029.0
008 - DATOS DE LONGITUD FIJA--INFORMACIÓN GENERAL
campo de control de longitud fija 940301m18601861sp a |||| | spa d
040 ## - FUENTE DE CATALOGACIÓN
Centro catalogador/agencia de origen AS
Lengua de catalogación spa
100 1# - ENTRADA PRINCIPAL--NOMBRE DE PERSONA
Nombre de persona Vilanova y Piera, Juan,
Fechas asociadas al nombre 1821-1893
9 (RLIN) 114785
245 10 - MENCIÓN DEL TÍTULO
Título Manual de geologia aplicada a la agricultura y a las artes industriales /
Mención de responsabilidad, etc. por Juan Vilanova y Piera.
260 ## - PUBLICACIÓN, DISTRIBUCIÓN, ETC.
Lugar de publicación, distribución, etc. Madrid :
Nombre del editor, distribuidor, etc. [s.n.],
Fecha de publicación, distribución, etc. 1860-1861 (
Fabricante Imprenta Nacional)
300 ## - DESCRIPCIÓN FÍSICA
Extensión 3 v. :
Otras características físicas il. ;
Dimensiones 24 cm.
500 #1 - NOTA GENERAL
Nota general Obra premiada por S.M. en concurso público, a propuesta de la Real Academia de Ciencias.
597 #1 - NOTA DE DESCRIPCIÓN FÍSICA
NOTA DE DESCRIPCIÓN FÍSICA Vol. I. (43, [4], XIX, 384 p.) -- vol. II. (712 p., [3] h. de diagr. pleg.) -- vol. III. ( [104] p., [43] h. de lám., [9] h. de lám. pleg.)
599 #1 - NOTA A LAS ILUSTRACIONES
NOTA A LAS ILUSTRACIONES Vol.3, atlas de grabados de Camilo Alabern.
650 #7 - PUNTO DE ACCESO ADICIONAL DE MATERIA--TÉRMINO DE MATERIA
Término de materia o nombre geográfico como elemento de entrada Geología aplicada
Fuente del encabezamiento o término embne
9 (RLIN) 152029
852 ## - LOCALIZACIÓN
Ubicación ES-MaACL
Número de control de estantería F-13171-73
Nota libre -- Enc. hol.
Holdings
Estatus retirado Estado de pérdida Estado de daño No para préstamo Colección Biblioteca de origen Biblioteca actual Ubicación en estantería Fecha de adquisición Total de préstamos Signatura topográfica completa Código de barras Visto por última vez Precio de reemplazo Tipo de ítem Koha
        Libros del s. XIX Biblioteca del Ateneo de Madrid Biblioteca del Ateneo de Madrid Sala Pecera Planta 2 17/01/2008   F-13171-73 1175768 23/02/2023 23/02/2023 Libro impreso antiguo